| 000 | 00443cam a2200181ua 4500 | ||
|---|---|---|---|
| 020 | _c27.50 | ||
| 041 |
_aeng _h |
||
| 082 |
_a328.3 _bMOR/ PR |
||
| 100 | _aMore, S S . | ||
| 245 |
_aPractice and procedure of India parliament / _cS S More. _hTextual Documents |
||
| 250 |
_a1 / _b. |
||
| 260 |
_aBombay : _bThacker &co.Ltd , _c1960. |
||
| 300 | _a566 ; . | ||
| 365 | _a27.50 | ||
| 504 | _a | ||
| 942 | _cBK | ||
| 999 |
_c2137 _d2137 |
||